000
00331nam a2200157Ia 4500
008
240830s1934 xx 000 0 und d
041
_a
hin
082
_a
1
100
_a
KIJAWADEKAR
245
_a
SUBHNTPRKARAN
250
_a
1
260
_b
N.D.
_c
1934
300
_a
100p
906
_a
SUBHNTPRKARAN
999
_c
1183897
_d
1183897